| 000 | 01339cac a22003371u 4500 | ||
|---|---|---|---|
| 003 | EG-ScBUE | ||
| 005 | 20220316113131.0 | ||
| 008 | 081214s1997 ua f 000 0beng d | ||
| 020 | _a9774244354 | ||
| 035 | _a(OCoLC)38444884 | ||
| 040 |
_aEG-ScBUE _beng _erda _cEG-ScBUE _dEG-ScBUE |
||
| 082 | 0 | 4 |
_a892.78509 _bHUS _222 |
| 100 | 1 |
_aḤusayn, Ṭāhā, _d1889-1973, _eauthor. _926284 |
|
| 245 | 1 | 4 |
_aThe days : _bhis autobiography in three parts / _cTaha Hussein ; translated by E.H. Paxton, Hilary Wayment, Kenneth Cragg. |
| 264 | 1 |
_aCairo : _bThe American University in Cairo Press, _c1997. |
|
| 300 |
_a406 pages ; _c21 cm |
||
| 336 |
_2rdacontent _atext _btxt |
||
| 337 |
_2rdamedia _aunmediated _bn |
||
| 338 |
_2rdacarrier _avolume _bnc |
||
| 505 | 0 | _aAn Egyptian childhood -- The stream of days -- A passage to France. | |
| 546 | _aText in English ; translated from the original Arabic. | ||
| 650 | 7 |
_aAuthors, Arab _zEgypt _vBiography. _2BUEsh _926285 |
|
| 650 | 7 |
_aAuthors, Arab _y20th century _vBiography. _2BUEsh _926286 |
|
| 651 | _2BUEsh | ||
| 653 |
_bARALIT _cMarch2022 |
||
| 655 |
_vReading book _934232 |
||
| 700 | 1 |
_aPaxton, E. H. _q(Evelyn Henry), _d1906- _etranslator. _926287 |
|
| 700 | 1 |
_aWayment, Hilary, _etranslator. _926288 |
|
| 700 | 1 |
_aCragg, Kenneth, _etranslator. _926289 |
|
| 942 |
_cBB _k892.78509 HUS _2ddc |
||
| 999 |
_c5575 _d5575 |
||